| 000 | 01267cam a22003615a 4500 | ||
|---|---|---|---|
| 001 | 016645309 | ||
| 003 | OSt | ||
| 005 | 20151027145906.0 | ||
| 008 | 140718s2014 nyu frb f001 0 eng d | ||
| 010 | _a2012029091 | ||
| 020 | _a9781107415447 (paperback) | ||
| 040 |
_aStDuBDS _beng _cStDuBDS _dStEdNL _dUk _dEG-ScBUE |
||
| 082 | 0 | 4 |
_a344.046 _222 _bWES |
| 100 | 1 |
_aWeston, Burns H., _d1933- _938583 |
|
| 245 | 1 | 0 |
_aGreen governance : _becological survival, human rights, and the law of the commons / _cBurns H. Weston, David Bollier. |
| 260 |
_aNew York : _bCambridge University Press, _c2014. |
||
| 300 |
_axxvi, 363 p. ; _c23 cm. |
||
| 500 | _aOriginally published : 2013. | ||
| 500 | _aIndex : p. 355-363. | ||
| 504 | _aBibliography : p. 337-353. | ||
| 650 | 0 |
_aEnvironmental law _xPhilosophy. _2BUEsh |
|
| 650 | 0 |
_aHuman rights _xEnvironmental aspects. _2BUEsh |
|
| 650 | 0 |
_aCommons. _2BUEsh |
|
| 650 | 0 |
_aGlobal commons. _2BUEsh |
|
| 650 | 0 |
_aEnvironmental law, International _xPhilosophy. _2BUEsh |
|
| 650 | 0 |
_aEnvironmental protection _xInternational cooperation. _2BUEsh |
|
| 650 | 0 |
_aEnvironmental justice. _2BUEsh |
|
| 651 | _2BUEsh | ||
| 653 |
_bBUSBOL _cOctober2015 |
||
| 655 |
_vReading book _934232 |
||
| 700 | 1 | _aBollier, David | |
| 942 | _2ddc | ||
| 999 |
_c20992 _d20964 |
||